| 000 | 00993nas a2200313 4500 | ||
|---|---|---|---|
| 001 | BR2019001247 | ||
| 003 | BR-BrBNA | ||
| 005 | 20231205131901.0 | ||
| 007 | ta | ||
| 008 | 230509b bl.|||p| |||| 00| 00por d | ||
| 040 |
_aBR-BrBNA _bpor _cBiblioteca Nacional de Agricultura |
||
| 041 | _a(En) | ||
| 072 | _aQ02; U10 | ||
| 100 | 1 | _aMorais, M.F. de | |
| 100 | 1 | _aSantos, J.R.O. dos | |
| 100 | 1 | _aSantos, M.P. dos | |
| 100 | 1 | _aSantos, D. da C. | |
| 100 | 1 | _aCosta, T.N. da | |
| 100 | 1 | _aLima, J.B. | |
| 245 | 1 | _aModeling and thermodynamic properties of 'bacaba' pulp drying | |
| 650 | _aBACABA | ||
| 650 | _aPOLPA | ||
| 650 | _aDESIDRATAÇÃO | ||
| 650 | _aMODELO MATEMÁTICO | ||
| 773 | 0 |
_tRevista Brasileira de Engenharia Agrícola e Ambiental (Brazil) _xISSN 1807-1929 _g(Sep 2019), v. 23(9) p. 702-708 _wBR2019001247 |
|
| 856 | 4 | 0 | _uhttp://www.scielo.br/pdf/rbeaa/v23n9/1415-4366-rbeaa-23-09-0702.pdf |
| 909 |
_a202311 _bLúcia _c55 _dLúcia Elande |
||
| 942 |
_2AGRIS _n0 _cANA |
||
| 999 |
_c257270 _d257270 |
||